| 000 | 00713nam a22002177a 4500 | ||
|---|---|---|---|
| 005 | 20251014091954.0 | ||
| 008 | 251014b |||||||| |||| 00| 0 eng d | ||
| 020 | _a9789339219680 | ||
| 040 | _cAL | ||
| 041 | _aEnglish | ||
| 082 |
_a004.16 _bVALI |
||
| 100 |
_aShibu Kizhakke Vallathai _9242175 |
||
| 245 | _aIntroduction to embedded systems | ||
| 250 | _a2. | ||
| 260 |
_aChennai _bMcGraw Hill Education (India) Private Limited _c2024 |
||
| 300 |
_axxiv,735p. _bPB _c24x18.5cm |
||
| 365 |
_aABDI/0818/25 _b₹772.50 _c₹ _d₹1030 _e25% _f03-10-2025 |
||
| 650 |
_aEmbedded Systems Understanding the basic concepts _9242176 |
||
| 650 |
_aDesign and Development of Embedded Product _9242177 |
||
| 942 |
_2ddc _cBK |
||
| 999 |
_c240542 _d240542 |
||